00225nam a2200097Ia 4500008004100000041001200041100001200053245004900065260000600114650000700120221030s9999 xx 000 0 und d aEnglish aJ KEOGH 0aJ2EE TM : The Complete Referencecby J KEOGH c0 aMc